000 01088nam a2200241Ia 4500
001 18306
003 GE_BSU
008 181216s||||||||xx |||||||||||||| ||und||
020 _a9789941913433
040 _cGE_BSU
080 _a338(100)
100 _aასათიანი, როზეტა
245 _aXX საუკუნის მსოფლიო ეკონომიკის კონცეპტუალური ანალიზი და საქართველოს ეკონომიკური პორტრეტი
245 _cმეცნ.რედ. ნ. ჭითანავა
260 _aთბილისი
260 _bსიახლე
260 _c2015
300 _a139გვ.21სმ.
300 _eბიბლ.გვ.126-137
541 _h23ლ.
653 _aXX საუკუნის მსოფლიო ეკონომიკის კონცეპტუალური ანალიზი და საქართველოს ეკონომიკური პორტრეტი
942 _cBK
999 _c51337
_d51337